000 04638nam a22006855i 4500
001 978-3-319-54045-0
003 DE-He213
005 20210118131934.0
007 cr nn 008mamaa
008 170220s2017 gw | s |||| 0|eng d
020 _a9783319540450
_9978-3-319-54045-0
024 7 _a10.1007/978-3-319-54045-0
_2doi
050 4 _aQA76.758
072 7 _aUMZ
_2bicssc
072 7 _aCOM051230
_2bisacsh
072 7 _aUMZ
_2thema
082 0 4 _a005.1
_223
245 1 0 _aRequirements Engineering: Foundation for Software Quality
_h[electronic resource] :
_b23rd International Working Conference, REFSQ 2017, Essen, Germany, February 27 – March 2, 2017, Proceedings /
_cedited by Paul Grünbacher, Anna Perini.
250 _a1st ed. 2017.
264 1 _aCham :
_bSpringer International Publishing :
_bImprint: Springer,
_c2017.
300 _aXIX, 380 p. 88 illus.
_bonline resource.
336 _atext
_btxt
_2rdacontent
337 _acomputer
_bc
_2rdamedia
338 _aonline resource
_bcr
_2rdacarrier
347 _atext file
_bPDF
_2rda
490 1 _aProgramming and Software Engineering ;
_v10153
505 0 _aUse case models -- Ecosystems and innovation -- Human factors in requirements engineering -- Goal-orientation in requirements engineering -- Communication and collaboration.-Process and tool integration -- Visualization and representation of requirements -- Agile requirements engineering -- Natural language processing, information retrieval and machine learning -- Traceability -- Quality of natural language requirements.-Research methodology in requirements engineering.
520 _aThis book constitutes the proceedings of the 23rd International Working Conference on Requirements Engineering - Foundation for Software Quality, REFSQ 2017, held in Essen, Germany, in February/March 2017. The 16 full papers and 10 short papers presented in this volume were carefully reviewed and selected from 77 submissions. The papers were organized in topical sections named: use case models; ecosystems and innovation; human factors in requirements engineering; goal-orientation in requirements engineering; communication and collaboration; process and tool integration; visualization and representation of requirements; agile requirements engineering; natural language processing, information retrieval and machine learning traceability; quality of natural language requirements; research methodology in requirements engineering.
650 0 _aSoftware engineering.
650 0 _aComputers.
650 0 _aManagement information systems.
650 0 _aComputer science.
650 0 _aApplication software.
650 0 _aComputer logic.
650 0 _aInformation storage and retrieval.
650 1 4 _aSoftware Engineering.
_0http://scigraph.springernature.com/things/product-market-codes/I14029
650 2 4 _aThe Computing Profession.
_0http://scigraph.springernature.com/things/product-market-codes/I24075
650 2 4 _aManagement of Computing and Information Systems.
_0http://scigraph.springernature.com/things/product-market-codes/I24067
650 2 4 _aInformation Systems Applications (incl. Internet).
_0http://scigraph.springernature.com/things/product-market-codes/I18040
650 2 4 _aLogics and Meanings of Programs.
_0http://scigraph.springernature.com/things/product-market-codes/I1603X
650 2 4 _aInformation Storage and Retrieval.
_0http://scigraph.springernature.com/things/product-market-codes/I18032
700 1 _aGrünbacher, Paul.
_eeditor.
_4edt
_4http://id.loc.gov/vocabulary/relators/edt
700 1 _aPerini, Anna.
_eeditor.
_4edt
_4http://id.loc.gov/vocabulary/relators/edt
710 2 _aSpringerLink (Online service)
773 0 _tSpringer eBooks
776 0 8 _iPrinted edition:
_z9783319540443
776 0 8 _iPrinted edition:
_z9783319540467
830 0 _aProgramming and Software Engineering ;
_v10153
856 4 0 _uhttps://doi.org/10.1007/978-3-319-54045-0
912 _aZDB-2-SCS
912 _aZDB-2-LNC
999 _c447999
_d447999
942 _cEB
506 _aAvailable to subscribing member institutions only. Доступно лише організаціям членам підписки.
506 _fOnline access from local network of NaUOA.
506 _fOnline access with authorization at https://link.springer.com/
506 _fОнлайн-доступ з локальної мережі НаУОА.
506 _fОнлайн доступ з авторизацією на https://link.springer.com/